Normal view
MARC view
Entry Personal Name
001 - CONTROL NUMBER
- control field: 29136
003 - CONTROL NUMBER IDENTIFIER
- control field: ARRUPE
005 - DATE AND TIME OF LATEST TRANSACTION
- control field: 20170228115327.0
008 - FIXED-LENGTH DATA ELEMENTS
- fixed length control field: 170228|| aca||aabn | a|a d
040 ## - CATALOGING SOURCE
- Original cataloging agency: ARRUPE
- Transcribing agency: ARRUPE
100 ## - HEADING--PERSONAL NAME
- Personal name: Bryant, Christopher Rex
670 ## - SOURCE DATA FOUND
- Source citation: Work cat.: (ARRUPE)24525: Bryant, Christopher Rex, Jung and the Christian way